| 000 | 00483nam a2200181 a 4500 | ||
|---|---|---|---|
| 001 | 2496 | ||
| 003 | CDMR | ||
| 005 | 20131028173514.0 | ||
| 008 | 130130s1983||||||||||||||||||||||||||||d | ||
| 020 | _a2710301644 | ||
| 040 |
_aCDMR _bcat _cCDMR |
||
| 100 | 1 |
_aDhordain, Roland _91870 |
|
| 245 | 1 | 3 |
_aLe roman de la radio _b: de la T.S.F. aux radios libres |
| 260 |
_aParis _c1983 _bLe Table Ronde |
||
| 650 | 0 | 4 |
_94182 _aRàdio lliure |
| 650 | 0 | 4 |
_92387 _aRàdio _xHistòria |
| 942 |
_cMON _2udc |
||
| 999 |
_c2496 _d2496 |
||